000 00449 a2200169 4500
005 20240430124401.0
008 240422b |||||||| |||| 00| 0 eng d
020 _a9789387760806
_cRs. 1695.00
040 _aMAIN
082 _a590
_bT739Z
100 _aTrivedi, P R
245 _aZoology: Useful reference for academic exams
260 _bSatyam Publishers and Distributors
_c2022
_aJaipur
300 _a250
650 _aZoology
942 _cBK
999 _c311674
_d311674